[Event "17e open 1hKO"]
[Site "Montigny le Bretonneux"]
[Date "2013.05.18"]
[Round "1.2"]
[White "Mongey, Alain"]
[Black "Goulenok, Eric"]
[Result "0-1"]
[WhiteElo "1667"]
[BlackElo "2187"]
[PlyCount "67"]
[EventDate "2013.04.??"]
[EventType "swiss"]
[EventRounds "7"]
[EventCountry "FRA"]
[SourceDate "2005.09.12"]

{Ouverture du pion dame} 1. d4 c5 2. e3 Nf6 3. Nf3 e6 4. Bd3 Nc6 5. O-O Be7 6.
a3 O-O 7. dxc5 Bxc5 8. b4 Be7 9. Bb2 d6 10. c4 b6 11. Qc2 g6 12. Nbd2 Bb7 13.
Rfe1 Rc8 14. Rac1 Re8 15. Qb1 Bf8 16. Ne4 Nxe4 17. Bxe4 Bg7 18. Bxg7 Kxg7 19.
Red1 Qe7 20. Qb2+ e5 21. Rd2 Nd8 22. Bxb7 Nxb7 23. Qb3 Rc7 24. Qa4 Rec8 25.
Rdc2 Nd8 26. Nd2 Ne6 27. Qb3 f5 28. Nf3 g5 29. Rd1 g4 30. Ne1 Ng5 31. Qd3 Kf6
32. Qxd6+ Qxd6 33. Rxd6+ Ke7 34. Rcd2 {suite non notée} 0-1

[Event "17e open 1hKO"]
[Site "Montigny le Bretonneux"]
[Date "2013.05.18"]
[Round "1.3"]
[White "Duval, Sylvain"]
[Black "Hedjazian, Farhad"]
[Result "1/2-1/2"]
[WhiteElo "1972"]
[BlackElo "1653"]
[PlyCount "95"]
[EventDate "2013.04.??"]
[EventType "swiss"]
[EventRounds "7"]
[EventCountry "FRA"]
[SourceDate "2005.09.12"]

{Ouverture anglaise} 1. c4 e5 2. g3 Nf6 3. Bg2 d5 4. cxd5 Nxd5 5. Nc3 c6 6. d3
Bb4 7. Bd2 O-O 8. Nf3 Re8 9. O-O Nd7 10. a3 Nxc3 11. bxc3 Ba5 12. Qc2 Nf6 13.
Bg5 h6 14. Bxf6 Qxf6 15. Nd2 Bf5 16. Rab1 Rab8 17. Rb2 b5 18. Ne4 Bxe4 19. Bxe4
Bb6 20. e3 a6 21. d4 c5 22. d5 Qd6 23. a4 b4 24. cxb4 cxb4 25. Qc6 Qxc6 26.
dxc6 a5 27. Rc1 Bc7 28. Bf5 g6 29. Bd7 Red8 30. Kf1 Rb6 31. Rb3 Kf8 32. Ke2 Ke7
33. Rc5 Rdb8 34. Kd2 Bd6 35. Rxa5 Kd8 36. Kd3 f5 37. Kc4 Bc7 38. Rb5 Bd6 39.
Rxb6 Rxb6 40. Rd3 Kc7 41. Kb3 g5 42. Rd5 f4 43. exf4 exf4 44. Rf5 fxg3 45. fxg3
Rb8 46. Rf3 g4 47. Rd3 Rf8 48. Bxg4 1/2-1/2

[Event "17e open 1hKO"]
[Site "Montigny le Bretonneux"]
[Date "2013.05.18"]
[Round "1.4"]
[White "Geffrotin, Daniel"]
[Black "Forissier, Nicolas"]
[Result "0-1"]
[WhiteElo "1600"]
[BlackElo "1966"]
[PlyCount "40"]
[EventDate "2013.04.??"]
[EventType "swiss"]
[EventRounds "7"]
[EventCountry "FRA"]
[SourceDate "2005.09.12"]

{Ouverture du pion dame, défense est-indienne} 1. d4 Nf6 2. Nf3 g6 3. Nc3 Bg7
4. Bf4 d6 5. e3 O-O 6. Be2 Nbd7 7. Qd2 c5 8. dxc5 Nxc5 9. Ng5 Bd7 10. h4 h6 11.
Nf3 Qb6 12. O-O-O Nfe4 13. Qe1 Nxc3 14. bxc3 Na4 15. Rd3 Qb2+ 16. Kd1 Nxc3+ 17.
Rxc3 Bxc3 18. Qxc3 Qxc3 19. e4 Ba4 20. Bd3 Qxd3+ 0-1

[Event "17e open 1hKO"]
[Site "Montigny le Bretonneux"]
[Date "2013.05.18"]
[Round "1.5"]
[White "Mundell, Peter"]
[Black "Chambourdon, Alain"]
[Result "1-0"]
[WhiteElo "1927"]
[BlackElo "1560"]
[PlyCount "72"]
[EventDate "2013.04.??"]
[EventType "swiss"]
[EventRounds "7"]
[EventCountry "FRA"]
[SourceDate "2005.09.12"]

{Défense hollandaise} 1. d4 f5 2. Nf3 g6 3. Bf4 Nf6 4. Nbd2 Bg7 5. c3 O-O 6. e3
c6 7. Bd3 d6 8. Qb3+ d5 9. O-O Qb6 10. Rfc1 Be6 11. Ng5 Bf7 12. Nxf7 Kxf7 13.
c4 e6 14. Bd6 Rd8 15. Qa3 Qa6 16. cxd5 Qxa3 17. dxe6+ Kxe6 18. Bxa3 Bf8 19.
Bxf8 Rxf8 20. Nf3 Ke7 21. Ne5 Nbd7 22. f4 Rad8 23. Rd1 Nd5 24. Kf2 N5f6 25. h3
Rg8 26. Kf3 Rdf8 27. g4 fxg4+ 28. hxg4 Nd5 29. Nxd7 Kxd7 30. Bc4 Rg7 31. Bxd5
cxd5 32. Rac1 Re8 33. Rc5 Kd6 34. Rdc1 Rge7 35. R5c3 Rf7 36. Rc8 Ree7 {suite
illisible} 1-0

[Event "17e open 1hKO"]
[Site "Montigny le Bretonneux"]
[Date "2013.05.18"]
[Round "1.6"]
[White "Soleranski, Vincent"]
[Black "Bouvier, Clement"]
[Result "0-1"]
[WhiteElo "1478"]
[BlackElo "1895"]
[PlyCount "68"]
[EventDate "2013.04.??"]
[EventType "swiss"]
[EventRounds "7"]
[EventCountry "FRA"]
[SourceDate "2005.09.12"]

{Défense sicilienne} 1. e4 c5 2. Nf3 e6 3. Nc3 Nc6 4. d3 a6 5. Bd2 d5 6. exd5
exd5 7. Ne2 Bg4 8. c3 Bxf3 9. gxf3 Ne5 10. Ng1 Bd6 11. c4 Qe7 12. Qe2 Nxd3+ 13.
Kd1 Nxb2+ 14. Kc2 Qxe2 15. Bxe2 Nxc4 16. Bxc4 dxc4 17. Bc3 f6 18. a4 Ne7 19.
Rb1 Rb8 20. Ne2 Kf7 21. h3 Nc6 22. Rhd1 Rhd8 23. Rb6 Bc7 24. Rxd8 Nxd8 25. Rb1
Nc6 26. Nc1 b5 27. axb5 axb5 28. Ne2 b4 29. Bd2 Ra8 30. Be3 Ra2+ 31. Rb2 b3+
32. Kb1 Rxb2+ 33. Kxb2 Be5+ 34. Nc3 Nb4 0-1

[Event "17e open 1hKO"]
[Site "Montigny le Bretonneux"]
[Date "2013.05.18"]
[Round "1.7"]
[White "Gauthier, Arnaud"]
[Black "Fosse, Jean-Claude"]
[Result "0-1"]
[WhiteElo "1853"]
[BlackElo "1443"]
[PlyCount "65"]
[EventDate "2013.04.??"]
[EventType "swiss"]
[EventRounds "7"]
[EventCountry "FRA"]
[SourceDate "2005.09.12"]

{Gambit Benko} 1. d4 Nf6 2. c4 c5 3. d5 b5 4. cxb5 a6 5. f3 g6 6. e4 d6 7. Bc4
Nbd7 8. Bd2 Bg7 9. Ne2 Ne5 10. Qc2 Nxc4 11. Qxc4 O-O 12. Nbc3 Nd7 13. f4 Nb6
14. Qb3 Bg4 15. h3 Bxe2 16. Kxe2 c4 17. Qc2 Bxc3 18. Bxc3 axb5 19. g4 e6 20.
Qd2 exd5 21. exd5 Re8+ 22. Kf3 Na4 23. Bd4 Nc5 24. Bxc5 dxc5 25. b3 Ra3 26. Qb2
Qxd5+ 27. Kf2 Qd4+ 28. Qxd4 cxd4 29. bxc4 bxc4 30. Rhe1 Rxe1 31. Kxe1 Rxh3 32.
Ke2 c3 33. a4 0-1

[Event "17e open 1hKO"]
[Site "Montigny le Bretonneux"]
[Date "2013.05.18"]
[Round "1.8"]
[White "Stonner, Martin"]
[Black "Claisse, Patrick"]
[Result "0-1"]
[WhiteElo "1440"]
[BlackElo "1836"]
[PlyCount "98"]
[EventDate "2013.04.??"]
[EventType "swiss"]
[EventRounds "7"]
[EventCountry "FRA"]
[SourceDate "2005.09.12"]

{Défense Néo-Grünfeld} 1. d4 Nf6 2. c4 g6 3. Nc3 d5 4. cxd5 Nxd5 5. g3 Bg7 6.
Bg2 Nxc3 7. bxc3 O-O 8. e4 c5 9. Ne2 Nc6 10. Be3 Qc7 11. O-O Rd8 12. Qd3 b6 13.
Rfd1 Bb7 14. Rd2 Rd7 15. Rad1 Rad8 16. Bh3 e6 17. Bf4 Be5 18. Bxe5 Nxe5 19. Qe3
Nc4 20. Qf4 Qxf4 21. Nxf4 Nxd2 22. Nxe6 fxe6 23. Bxe6+ Kg7 24. Bxd7 Nf3+ 25.
Kg2 Bxe4 26. Bg4 Ne5+ 27. Kh3 Nxg4 28. Kxg4 Kf6 29. f3 Bc6 30. h4 Rd5 31. a3 b5
32. Kf4 Rf5+ 33. Ke3 Rxf3+ 34. Ke2 cxd4 35. cxd4 Rxa3 36. Rc1 Ra6 37. Rc5 Ke6
38. d5+ Kd6 39. Rxc6+ Rxc6 40. dxc6 Kxc6 41. Kd3 Kd5 42. g4 a5 43. h5 g5 44.
Kc3 Ke4 45. h6 Kf4 46. Kd4 Kxg4 47. Kc5 Kf3 48. Kxb5 g4 49. Kxa5 g3 0-1

[Event "17e open 1hKO"]
[Site "Montigny le Bretonneux"]
[Date "2013.05.18"]
[Round "1.9"]
[White "Francois, Jean"]
[Black "Darpoux, Danielle"]
[Result "1-0"]
[WhiteElo "1823"]
[BlackElo "1386"]
[PlyCount "89"]
[EventDate "2013.04.??"]
[EventType "swiss"]
[EventRounds "7"]
[EventCountry "FRA"]
[SourceDate "2005.09.12"]

{Ouverture anglaise} 1. c4 e5 2. Nc3 Nf6 3. e4 c6 4. Nf3 d6 5. d3 Bg4 6. Be2
Bxf3 7. Bxf3 h6 8. O-O Be7 9. Be3 O-O 10. Rb1 a6 11. a4 Nbd7 12. b4 c5 13. b5
b6 14. bxa6 Rxa6 15. Rb5 Ra8 16. Qb3 Rb8 17. Rb1 g5 18. h3 Kh7 19. Nd5 Nxd5 20.
exd5 f5 21. Qc2 Kh8 22. Bd2 Bf6 23. Bh5 Qe7 24. f3 e4 25. dxe4 Bd4+ 26. Kh1 Qe5
27. exf5 Qg3 28. Bc3 Qf4 29. Bxd4+ cxd4 30. Bg4 Nf6 31. h4 h5 32. hxg5 Qxg5 33.
Bh3 Rfe8 34. a5 Re3 35. axb6 Qg3 36. Qd1 Rbe8 37. b7 Nd7 38. b8=Q Nxb8 39. Rxb8
Rxb8 40. Rxb8+ Kg7 41. Qxd4+ Qe5 42. Qxe5+ Rxe5 43. Rd8 Re7 44. Rxd6 Rf7 45. c5
1-0

[Event "17e open 1hKO"]
[Site "Montigny le Bretonneux"]
[Date "2013.05.18"]
[Round "1.10"]
[White "Montay, Jean Paul"]
[Black "Ferreira, Carlos"]
[Result "0-1"]
[WhiteElo "1369"]
[BlackElo "1813"]
[PlyCount "62"]
[EventDate "2013.04.??"]
[EventType "swiss"]
[EventRounds "7"]
[EventCountry "FRA"]
[SourceDate "2005.09.12"]

{Défense sicilienne, variante Taïmanov} 1. e4 c5 2. Nf3 e6 3. d4 cxd4 4. Nxd4
Nc6 5. Be3 Qc7 6. Bc4 Nf6 7. Nc3 Bb4 8. Bd3 Ne5 9. h3 a6 10. O-O Bxc3 11. bxc3
Qxc3 12. Qd2 Qxd2 13. Bxd2 d5 14. f4 Nxd3 15. cxd3 dxe4 16. Rfe1 exd3 17. f5
O-O 18. Re5 exf5 19. Nxf5 Bxf5 20. Rxf5 Rfd8 21. Re5 Rd5 22. Rxd5 Nxd5 23. Rb1
Nf6 24. Rb3 Rd8 25. Rxb7 h6 26. Re7 Rd4 27. Re3 Ne4 28. Ba5 d2 29. Rxe4 d1=Q+
30. Re1 Qa4 31. Re8+ Qxe8 0-1

[Event "17e open 1hKO"]
[Site "Montigny le Bretonneux"]
[Date "2013.05.18"]
[Round "1.11"]
[White "Duval, Dominique"]
[Black "De Romance, Flavien"]
[Result "1-0"]
[WhiteElo "1780"]
[BlackElo "1310"]
[PlyCount "125"]
[EventDate "2013.04.??"]
[EventType "swiss"]
[EventRounds "7"]
[EventCountry "FRA"]
[SourceDate "2005.09.12"]

{Ouverture anglaise} 1. g3 e5 2. Bg2 Nf6 3. c4 Bc5 4. Nc3 O-O 5. d3 d6 6. Nf3
Nc6 7. Bg5 d5 8. Bxf6 Qxf6 9. Nxd5 Qd8 10. O-O Bg4 11. a3 Qd6 12. b4 Bd4 13.
Nxd4 Nxd4 14. Nc3 Rab8 15. f3 Bh5 16. Rb1 Ne6 17. Qd2 Qd4+ 18. Kh1 Rbd8 19. a4
f5 20. Nb5 Qd7 21. Qb2 a6 22. Nc3 f4 23. Nd5 c6 24. Qxe5 cxd5 25. Qxh5 Nd4 26.
Qe5 dxc4 27. dxc4 Rde8 28. Qd5+ Qxd5 29. cxd5 fxg3 30. e4 gxh2 31. d6 Re6 32.
d7 Rd8 33. Bh3 Rf6 34. e5 Rxf3 35. Rxf3 Nxf3 36. e6 Kf8 37. Rf1 Ke7 38. Rxf3 g5
39. Rf7+ Kd6 40. e7 Rxd7 41. e8=Q Rxf7 42. Qxf7 Ke5 43. Kxh2 h6 44. Kg2 h5 45.
Qf5+ Kd4 46. Kf2 g4 47. Qc5+ Ke4 48. Bg2+ Kf4 49. Qe3+ Kf5 50. Kg3 h4+ 51. Kxh4
b6 52. Qe4+ Kf6 53. Kxg4 a5 54. Qf5+ Ke7 55. b5 Kd6 56. Qd5+ Ke7 57. Qc6 Kf7
58. Kg5 Ke7 59. Bd5 Kd8 60. Qb7 Ke8 61. Kf6 Kd8 62. Ke6 Ke8 63. Qa8# 1-0

[Event "17e open 1hKO"]
[Site "Montigny le Bretonneux"]
[Date "2013.05.18"]
[Round "1.12"]
[White "Sagon, Lancelot"]
[Black "Hurlot, Rodolphe"]
[Result "0-1"]
[WhiteElo "1310"]
[BlackElo "1754"]
[PlyCount "34"]
[EventDate "2013.04.??"]
[EventType "swiss"]
[EventRounds "7"]
[EventCountry "FRA"]
[SourceDate "2005.09.12"]

{Défense Pirc, variante classique} 1. d4 Nf6 2. Nc3 g6 3. Nf3 Bg7 4. e4 d6 5.
Bc4 Nbd7 6. O-O O-O 7. e5 dxe5 8. dxe5 Ng4 9. e6 Nde5 10. Qxd8 Rxd8 11. Nxe5
Nxe5 12. exf7+ Nxf7 13. Re1 e6 14. Bxe6 Bxe6 15. Rxe6 Bxc3 16. bxc3 Rd1+ 17.
Re1 Rxe1# 0-1

[Event "17e open 1hKO"]
[Site "Montigny le Bretonneux"]
[Date "2013.05.18"]
[Round "1.13"]
[White "Mourgues, Joelle"]
[Black "Verat-Fayolle, Celian"]
[Result "1-0"]
[WhiteElo "1737"]
[BlackElo "1270"]
[PlyCount "109"]
[EventDate "2013.04.??"]
[EventType "swiss"]
[EventRounds "7"]
[EventCountry "FRA"]
[SourceDate "2005.09.12"]

{Gambit dame, défense semi-Tarrasch} 1. d4 Nf6 2. c4 e6 3. Nc3 d5 4. Nf3 c5 5.
e3 Nc6 6. cxd5 Nxd5 7. Bb5 Nxc3 8. Bxc6+ bxc6 9. bxc3 cxd4 10. exd4 c5 11. O-O
Be7 12. Be3 cxd4 13. cxd4 O-O 14. Qd2 Ba6 15. Rfd1 Bb7 16. Ne5 Qd5 17. f3 f6
18. Nd3 e5 19. dxe5 fxe5 20. Nf2 Qf7 21. Qd7 Bh4 22. Ng4 Qxd7 23. Rxd7 Bc8 24.
Rc7 Bxg4 25. fxg4 Rf7 26. Rac1 Bd8 27. Rc8 Rxc8 28. Rxc8 Rd7 29. Bg5 Kf7 30.
Rxd8 Rxd8 31. Bxd8 Ke6 32. Kf2 e4 33. Ke3 Ke5 34. h4 h6 35. a4 a6 36. h5 Kd5
37. a5 Ke5 38. Bb6 Kd5 39. Kf4 g5+ 40. hxg6 e3 41. Bxe3 Ke6 42. Bd4 Ke7 43. Kf5
Kf8 44. g5 hxg5 45. Kxg5 Kg8 46. Kh6 Kf8 47. Kh7 Ke7 48. g7 Kd6 49. g8=Q Ke7
50. Kg6 Kd7 51. Kf6 Kc7 52. Qe6 Kb7 53. Bb6 Kb8 54. Qd7 Ka8 55. Qc8# 1-0

[Event "17e open 1hKO"]
[Site "Montigny le Bretonneux"]
[Date "2013.05.18"]
[Round "1.14"]
[White "Sellier, Alexandre"]
[Black "Branson, James"]
[Result "0-1"]
[WhiteElo "1180"]
[BlackElo "1722"]
[PlyCount "64"]
[EventDate "2013.04.??"]
[EventType "swiss"]
[EventRounds "7"]
[EventCountry "FRA"]
[SourceDate "2005.09.12"]

{Partie espagnole, variante d'échange} 1. e4 e5 2. Nf3 Nc6 3. Bb5 a6 4. Bxc6
dxc6 5. Nxe5 Qd4 6. Nxf7 Kxf7 7. Nc3 Nf6 8. Qf3 Bg4 9. Qf4 Bd6 10. Qe3 Qxe3+
11. fxe3 Rhf8 12. O-O Kg8 13. d4 Bb4 14. Bd2 Bxc3 15. Bxc3 Nxe4 16. Rxf8+ Rxf8
17. h3 Be6 18. Bb4 Re8 19. b3 b6 20. c4 a5 21. Ba3 Bf7 22. c5 Nc3 23. cxb6 cxb6
24. Bc1 Bd5 25. Bd2 Ne4 26. Bc1 Rf8 27. Ba3 Rf2 28. Be7 h6 29. Bh4 Re2 30. Bd8
Ng3 31. e4 Bxe4 32. Bxb6 Rxg2# 0-1

[Event "17e open 1hKO"]
[Site "Montigny le Bretonneux"]
[Date "2013.05.18"]
[Round "2.1"]
[White "Ferreira, Carlos"]
[Black "Etrog, Jonathan"]
[Result "0-1"]
[WhiteElo "1813"]
[BlackElo "2210"]
[PlyCount "64"]
[EventDate "2013.04.??"]
[EventType "swiss"]
[EventRounds "7"]
[EventCountry "FRA"]
[SourceDate "2005.09.12"]

{Ouverture du pion dame, défense est-indienne} 1. d4 Nf6 2. Nf3 c5 3. e3 g6 4.
Bd3 Bg7 5. O-O O-O 6. c3 d6 7. h3 Nc6 8. Re1 e5 9. Bc2 Qc7 10. a3 e4 11. Nfd2
Re8 12. f3 exf3 13. Nxf3 Ne4 14. Bxe4 Rxe4 15. Nbd2 Re7 16. Nf1 Qb6 17. Kh1 d5
18. b4 cxb4 19. axb4 Qb5 20. Qa4 Qxa4 21. Rxa4 b5 22. Ra2 Bf5 23. Ng3 Bd3 24.
Ra6 Rc8 25. Bd2 Bh6 26. Rxc6 Rxc6 27. Ne5 Rxe5 28. dxe5 Re6 29. Ne2 Bxe2 30.
Rxe2 Rxe5 31. g4 Kf8 32. h4 Re4 0-1

[Event "17e open 1hKO"]
[Site "Montigny le Bretonneux"]
[Date "2013.05.18"]
[Round "2.2"]
[White "Goulenok, Eric"]
[Black "Duval, Dominique"]
[Result "1-0"]
[WhiteElo "2187"]
[BlackElo "1780"]
[PlyCount "33"]
[EventDate "2013.04.??"]
[EventType "swiss"]
[EventRounds "7"]
[EventCountry "FRA"]
[SourceDate "2005.09.12"]

{Défense moderne} 1. e4 g6 2. Nf3 Bg7 3. Nc3 d5 4. g3 a6 5. Bg2 Nd7 6. O-O b5
7. d3 Bb7 8. Rb1 Ngf6 9. h3 O-O 10. Be3 c5 11. Qd2 Re8 12. Bh6 Bh8 13. Ng5 b4
14. Nd1 Nh5 15. Bf3 Ng7 16. Qf4 e5 17. Qxf7# 1-0

[Event "17e open 1hKO"]
[Site "Montigny le Bretonneux"]
[Date "2013.05.18"]
[Round "2.3"]
[White "Forissier, Nicolas"]
[Black "Hurlot, Rodolphe"]
[Result "1/2-1/2"]
[WhiteElo "1966"]
[BlackElo "1754"]
[PlyCount "43"]
[EventDate "2013.04.??"]
[EventType "swiss"]
[EventRounds "7"]
[EventCountry "FRA"]
[SourceDate "2005.09.12"]

{Gambit de Budapest, variante principale} 1. d4 Nf6 2. c4 e5 3. dxe5 Ng4 4. e4
Nxe5 5. Nf3 Nbc6 6. Be2 Bc5 7. O-O d6 8. Nc3 Nxf3+ 9. Bxf3 Ne5 10. Re1 Qh4 11.
Be3 Bg4 12. Bxc5 Bxf3 13. gxf3 dxc5 14. Re3 O-O 15. Qf1 Rad8 16. b3 Rd2 17. Rd1
Rfd8 18. Rxd2 Rxd2 19. Qg2 Nd3 20. Qg3 Qf6 21. e5 Qf5 22. Nd5 {suite non notée}
1/2-1/2

[Event "17e open 1hKO"]
[Site "Montigny le Bretonneux"]
[Date "2013.05.18"]
[Round "2.4"]
[White "Branson, James"]
[Black "Mundell, Peter"]
[Result "1-0"]
[WhiteElo "1722"]
[BlackElo "1927"]
[PlyCount "27"]
[EventDate "2013.04.??"]
[EventType "swiss"]
[EventRounds "7"]
[EventCountry "FRA"]
[SourceDate "2005.09.12"]

{Défense Pirc} 1. e4 d6 2. f4 Nf6 3. Nc3 c6 4. Nf3 Qa5 5. Bc4 e6 6. Qe2 Be7 7.
d3 O-O 8. O-O d5 9. e5 dxc4 10. exf6 cxd3 11. Qxd3 Bxf6 12. Ne4 Be7 13. Nfg5 h6
14. Nf6+ 1-0

[Event "17e open 1hKO"]
[Site "Montigny le Bretonneux"]
[Date "2013.05.18"]
[Round "2.5"]
[White "Bouvier, Clement"]
[Black "Mourgues, Joelle"]
[Result "1-0"]
[WhiteElo "1895"]
[BlackElo "1737"]
[PlyCount "33"]
[EventDate "2013.04.??"]
[EventType "swiss"]
[EventRounds "7"]
[EventCountry "FRA"]
[SourceDate "2005.09.12"]

{Défense sicilienne, variante Alapine} 1. e4 c5 2. d4 cxd4 3. c3 e6 4. Nf3 d6
5. cxd4 a6 6. a4 Be7 7. Bd3 Nf6 8. O-O O-O 9. e5 Nd5 10. Nc3 Nxc3 11. bxc3 dxe5
12. dxe5 Nc6 13. Qe2 b6 14. Qe4 g6 15. Qxc6 Qxd3 16. Qxa8 Rd8 17. Be3 1-0

[Event "17e open 1hKO"]
[Site "Montigny le Bretonneux"]
[Date "2013.05.18"]
[Round "2.6"]
[White "Claisse, Patrick"]
[Black "Mcintosh, Antoine"]
[Result "1-0"]
[WhiteElo "1836"]
[BlackElo "1110"]
[PlyCount "83"]
[EventDate "2013.04.??"]
[EventType "swiss"]
[EventRounds "7"]
[EventCountry "FRA"]
[SourceDate "2005.09.12"]

{Partie espagnole, défense berlinoise} 1. e4 e5 2. Nf3 Nc6 3. Bb5 Nf6 4. O-O
Bc5 5. c3 O-O 6. Re1 Ng4 7. d4 Qe7 8. Bxc6 dxc6 9. dxc5 Qxc5 10. Qe2 Be6 11.
Nbd2 Rad8 12. h3 Nxf2 13. Qxf2 Qxf2+ 14. Kxf2 Rd3 15. Nxe5 Rd6 16. Ndc4 Rdd8
17. Ne3 Rd3 18. Nxd3 Bd7 19. Nc5 Bc8 20. Rd1 h6 21. Nf5 Re8 22. Kf3 g6 23.
Nxh6+ Kg7 24. Rd4 b6 25. Nb3 g5 26. Bxg5 Kg6 27. Bf4 c5 28. Rd2 Bb7 29. Re1 a5
30. Rd7 Rc8 31. Nxf7 Bc6 32. Ne5+ Kf6 33. Nxc6 a4 34. Nd2 b5 35. Rd8 Rxd8 36.
Nxd8 b4 37. cxb4 cxb4 38. e5+ Kf5 39. e6 Kf6 40. e7 Kg7 41. e8=Q Kf6 42. Qf7#
1-0

[Event "17e open 1hKO"]
[Site "Montigny le Bretonneux"]
[Date "2013.05.18"]
[Round "2.7"]
[White "Fosse, Jean-Claude"]
[Black "Francois, Jean"]
[Result "0-1"]
[WhiteElo "1443"]
[BlackElo "1823"]
[PlyCount "107"]
[EventDate "2013.04.??"]
[EventType "swiss"]
[EventRounds "7"]
[EventCountry "FRA"]
[SourceDate "2005.09.12"]

{Partie italienne} 1. e4 e5 2. Nf3 Nc6 3. Bc4 d6 4. c3 Bg4 5. d3 a6 6. Nbd2 Nf6
7. Bb3 Be7 8. Nf1 O-O 9. h3 Bxf3 10. Qxf3 Na5 11. Bc2 c5 12. Ne3 g6 13. O-O Nc6
14. Nd5 Nxd5 15. exd5 Nb8 16. Bh6 Re8 17. Rfe1 Nd7 18. a4 Bg5 19. Bxg5 Qxg5 20.
a5 f5 21. Ba4 Re7 22. Bxd7 Rxd7 23. Ra4 Qd2 24. Qe2 Qxe2 25. Rxe2 Re8 26. f4
Rde7 27. fxe5 Rxe5 28. Rxe5 Rxe5 29. c4 Re2 30. Ra3 Rxb2 31. Ra1 Kf7 32. Kf1 h5
33. h4 Kf6 34. Re1 Rd2 35. Re6+ Kf7 36. Rxd6 Rxd3 37. Rd7+ Ke8 38. Rxb7 Rd4 39.
Rb6 Rxh4 40. Rxa6 Rxc4 41. Re6+ Kf7 42. a6 Ra4 43. Rc6 c4 44. Rc7+ Kf6 45. a7
Ke5 46. Rxc4 Rxa7 47. Rc6 g5 48. d6 Rd7 49. Ke2 Rxd6 50. Rxd6 Kxd6 51. g3 Ke5
52. Ke3 g4 53. Kf2 Ke4 54. Ke2 0-1

[Event "17e open 1hKO"]
[Site "Montigny le Bretonneux"]
[Date "2013.05.18"]
[Round "2.8"]
[White "Gauthier, Arnaud"]
[Black "Duval, Sylvain"]
[Result "1/2-1/2"]
[WhiteElo "1853"]
[BlackElo "1972"]
[PlyCount "68"]
[EventDate "2013.04.??"]
[EventType "swiss"]
[EventRounds "7"]
[EventCountry "FRA"]
[SourceDate "2005.09.12"]

{Ouverture du pion dame} 1. d4 Nf6 2. c4 Nc6 3. Nc3 e5 4. d5 Ne7 5. e4 Ng6 6.
g3 Bc5 7. Bg2 O-O 8. Nf3 d6 9. O-O a5 10. Qe2 Nd7 11. a3 h6 12. Ne1 Bd4 13. Nb5
Bc5 14. Nd3 a4 15. Kh1 c6 16. Nc3 Bd4 17. Bd2 Nc5 18. Nxc5 Bxc5 19. Qh5 Qd7 20.
f4 exf4 21. gxf4 Qg4 22. Qxg4 Bxg4 23. Rae1 f6 24. h3 Bh5 25. Ne2 Bxe2 26. Rxe2
Rfe8 27. Rfe1 cxd5 28. exd5 Rxe2 29. Rxe2 Kf7 30. Be4 Nf8 31. Bc2 g6 32. Kg2 f5
33. Kf3 Nd7 34. Bc3 Nf8 1/2-1/2

[Event "17e open 1hKO"]
[Site "Montigny le Bretonneux"]
[Date "2013.05.18"]
[Round "2.9"]
[White "Hedjazian, Farhad"]
[Black "Mongey, Alain"]
[Result "0-1"]
[WhiteElo "1653"]
[BlackElo "1667"]
[PlyCount "92"]
[EventDate "2013.04.??"]
[EventType "swiss"]
[EventRounds "7"]
[EventCountry "FRA"]
[SourceDate "2005.09.12"]

{Défense est-indienne} 1. d4 c5 2. d5 Nf6 3. c4 g6 4. Nf3 Bg7 5. Nc3 d6 6. e3
O-O 7. h3 Nbd7 8. Bd3 a6 9. O-O Rb8 10. e4 Nh5 11. Be3 Ne5 12. Be2 Nxf3+ 13.
Bxf3 Bxc3 14. bxc3 Nf6 15. Bf4 b5 16. cxb5 axb5 17. e5 Ne8 18. Bh6 Ng7 19. Qe2
Re8 20. Bxg7 Kxg7 21. e6 fxe6 22. dxe6 Rf8 23. Bd5 Bb7 24. Bxb7 Rxb7 25. Rab1
Qa5 26. Qb2 Kg8 27. f4 Rf6 28. c4 b4 29. Qe2 Ra7 30. Rb2 Qd8 31. Qe4 Qa8 32.
Qe2 Ra3 33. f5 Qf8 34. Rb3 Rxb3 35. axb3 Rxf5 36. Ra1 Qf6 37. Rf1 Rxf1+ 38.
Qxf1 Qxf1+ 39. Kxf1 Kg7 40. g4 Kf6 41. Ke2 Kxe6 42. Ke3 Ke5 43. h4 h6 44. g5
hxg5 45. hxg5 Kf5 46. Kf3 e6 0-1

[Event "17e open 1hKO"]
[Site "Montigny le Bretonneux"]
[Date "2013.05.18"]
[Round "2.10"]
[White "Artieres, Michel"]
[Black "Montay, Jean Paul"]
[Result "1-0"]
[WhiteElo "1700"]
[BlackElo "1369"]
[PlyCount "51"]
[EventDate "2013.04.??"]
[EventType "swiss"]
[EventRounds "7"]
[EventCountry "FRA"]
[SourceDate "2005.09.12"]

{Défense Petroff} 1. e4 e5 2. Nf3 Nf6 3. Bc4 d5 4. exd5 Nxd5 5. Nxe5 Be6 6. O-O
Be7 7. d4 Qd6 8. Bb3 b5 9. c3 c5 10. Qe2 c4 11. Bc2 f6 12. Qh5+ Kf8 13. Ng6+
Kg8 14. Nxh8 g6 15. Nxg6 Bf7 16. Nxe7+ Qxe7 17. Qxh7+ Kf8 18. Bh6+ Ke8 19. Na3
Nc7 20. Rfe1 Ne6 21. d5 Nd7 22. dxe6 Nf8 23. exf7+ Kd7 24. Rxe7+ Kxe7 25. Bxf8+
Rxf8 26. Re1+ 1-0

[Event "17e open 1hKO"]
[Site "Montigny le Bretonneux"]
[Date "2013.05.18"]
[Round "2.11"]
[White "Darpoux, Danielle"]
[Black "Geffrotin, Daniel"]
[Result "1/2-1/2"]
[WhiteElo "1386"]
[BlackElo "1600"]
[PlyCount "124"]
[EventDate "2013.04.??"]
[EventType "swiss"]
[EventRounds "7"]
[EventCountry "FRA"]
[SourceDate "2005.09.12"]

{Défense sicilienne, attaque Canal-Sokolsky} 1. e4 c5 2. Nf3 d6 3. h3 Nc6 4.
Bb5 Bd7 5. Bxc6 Bxc6 6. Nc3 Nf6 7. d3 g6 8. O-O Bg7 9. Re1 O-O 10. Ne2 Qc7 11.
Rb1 b5 12. c3 a5 13. Ng3 Bd7 14. d4 cxd4 15. Nxd4 Rac8 16. a3 e5 17. Nf3 Be6
18. Be3 Rfd8 19. Qc1 d5 20. Bg5 d4 21. Bd2 d3 22. Re3 Bb3 23. Ne1 Qc4 24. f3
Bh6 25. Nf1 Bxe3+ 26. Nxe3 Qc5 27. Kh1 Nh5 28. Kh2 Nf4 29. Ra1 Ne2 30. Qb1 Qe7
31. Nxd3 Qg5 32. Qe1 Nf4 33. Nxf4 exf4 34. Nf1 a4 35. Kh1 Rd3 36. Qf2 Rcd8 37.
g3 Qh5 38. Kg2 fxg3 39. Nxg3 Qh4 40. Be3 R8d6 41. Bd4 Qf4 42. Re1 Rd2 43. Re2
Rxe2 44. Nxe2 Qd2 45. Ng3 Qg5 46. f4 Qh4 47. f5 Qg5 48. f6 Re6 49. Kh2 h5 50.
e5 Kh7 51. Ne4 Qh6 52. Be3 Qf8 53. Ng5+ Kg8 54. Nxe6 Bxe6 55. Bd4 Qa8 56. Qd2
Qf3 57. Qg2 Qxg2+ 58. Kxg2 Kh7 59. h4 Kh6 60. Kg3 g5 61. Be3 Kg6 62. hxg5 Bg4
1/2-1/2

[Event "17e open 1hKO"]
[Site "Montigny le Bretonneux"]
[Date "2013.05.18"]
[Round "2.12"]
[White "Chambourdon, Alain"]
[Black "Sagon, Lancelot"]
[Result "1-0"]
[WhiteElo "1560"]
[BlackElo "1310"]
[PlyCount "56"]
[EventDate "2013.04.??"]
[EventType "swiss"]
[EventRounds "7"]
[EventCountry "FRA"]
[SourceDate "2005.09.12"]

{Ouverture Bird} 1. f4 d5 2. Nf3 Nf6 3. e3 Nc6 4. Bb5 Bd7 5. Bxc6 Bxc6 6. O-O
e6 7. b3 Bc5 8. Bb2 O-O 9. Qe1 h6 10. d3 Re8 11. Nbd2 Bd6 12. Ne5 Bxe5 13. Bxe5
a6 14. Nf3 b5 15. Bb2 Nh5 16. Ne5 Bb7 17. Qe2 Nf6 18. Rf3 d4 19. Rg3 dxe3 20.
Qf1 Qd6 21. Ng4 Nxg4 22. Rxg4 f6 23. Bxf6 g6 24. Rxg6+ Kh7 25. Qf3 Qc5 26. d4
Qxc2 27. f5 Qxf5 28. Rg7+ Kh8 {suite illisible} 1-0